000 00401nam a2200169Ia 4500
001 30054
003 IN-NITTTR
005 20251114233407.0
008 251113s9999||||xx |||||||||||||| ||eng||
040 _beng
040 _cIN-NITTTR
041 _aeng
082 _a928.91431 B122N
100 _aBachchan, Harivanshrai
245 0 _aNeer ka nirman phir /
_cBachchan, Harivanshrai
942 _2ddc
_cBK
999 _c32682
_d32682